00880cam a2200241 a 45000010008000000030006000080050017000140080041000310100017000720200037000890400018001260500024001440820024001682450175001922600041003673000029004085040041004376300059004787000020005377000024005577000023005817000034006043978984GBCCL20241126110641.0950512s1995 tnua b 010 0 eng  a 95020170  a068713871X (recycled alk. paper) aDLCcDLCdDLC00aBS1171.2b.O43 199500a221.609045220bOLD00aOld Testament interpretation :bpast, present, and future : essays in honor of Gene M. Tucker /cedited by James Luther Mays, David L. Petersen, and Kent Harold Richards. aNashville :bAbingdon Press,cc1995. a304 p. :bill. ;c23 cm. aIncludes bibliographical references.00aBible.pOld TestamentxCriticism, interpretation, etc.1 aTucker, Gene M.1 aMays, James Luther.1 aPetersen, David L.1 aRichards, Kent Harold,d1939-